Miasta w Polsce zakończone na -ice na mapie - Statystyki

Ogólne statystyki
  • Ten quiz został rozwiązany 444 razy
    29 od ostatniego zresetowania
  • Średni wynik to 24 z 54
Odpowiedzi na mapie
Odpowiedzi zakodowano w zielono-czerwonej skali na mapie do tego quizu, zgodnie z poniższymi procentami.
 
Statystyki odpowiedzi
Województwo Miasto % Poprawnych
Śląskie Katowice
93%
Śląskie Gliwice
89%
Małopolskie Myślenice
86%
Śląskie Mysłowice
79%
Łódzkie Pabianice
79%
Zachodniopomorskie Police
75%
Łódzkie Skierniewice
71%
Małopolskie Wadowice
71%
Pomorskie Chojnice
68%
Lubuskie Słubice
68%
Świętokrzyskie Starachowice
68%
Śląskie Świętochłowice
68%
Małopolskie Gorlice
64%
Zachodniopomorskie Gryfice
64%
Dolnośląskie Polkowice
64%
Mazowieckie Kozienice
61%
Małopolskie Proszowice
57%
Opolskie Krapkowice
54%
Mazowieckie Łosice
54%
Śląskie Czechowice-Dziedzice
43%
Małopolskie Niepołomice
43%
Dolnośląskie Prochowice
43%
Zachodniopomorskie Bobolice
39%
Małopolskie Krzeszowice
39%
Dolnośląskie Świebodzice
39%
Opolskie Zdzieszowice
39%
Zachodniopomorskie Barwice
36%
Śląskie Krzepice
36%
Małopolskie Sułkowice
36%
Śląskie Wilamowice
36%
Małopolskie Ciężkowice
32%
Łódzkie Krośniewice
32%
Lubuskie Małomice
32%
Dolnośląskie Piechowice
32%
Śląskie Pyskowice
32%
Śląskie Wojkowice
32%
Dolnośląskie Ziębice
32%
Dolnośląskie Jelcz-Laskowice
29%
Pomorskie Kępice
29%
Łódzkie Poddębice
29%
Wielkopolskie Rakoniewice
29%
Śląskie Sośnicowice
29%
Dolnośląskie Prusice
25%
Śląskie Włodowice
25%
Opolskie Branice
21%
Łódzkie Dąbrowice
21%
Śląskie Krzanowice
21%
Zachodniopomorskie Mieszkowice
21%
Małopolskie Ryglice
21%
Dolnośląskie Siechnice
21%
Opolskie Tułowice
21%
Warmińsko-Mazurskie Kisielice
18%
Lubuskie Lubniewice
18%
Mazowieckie Maciejowice
18%
Nie znaleziono quizów pasujących do podanych kryteriów
Rozkład punktacji
Procent ludzi z każdym wynikiem
Percentyl według liczby udzielonych odpowiedzi
Twoja historia wyników
Nie rozwiązałeś tego quizu od ostatniego zresetowania